Mitbestimmung: das Magazin der Hans-Böckler-Stiftung

Saved in:  
Bibliographic Details
Corporate Author: Hans-Böckler-Stiftung. Herausgebendes Organ (Issuing body)
Format: Print Journal
Language:German
Published: Frankfurt, M. Bund-Verl. 1982-
Düsseldorf Stiftung 1982-1991
Bochum Berg-Verl. 1982-1991
Baden-Baden Nomos Verl.-Ges. 1992-1999
In:Year: 1982
Check availability: HBZ Gateway
Subito Delivery Service: Order now.
Volumes / Articles:Show volumes/articles.
Keywords:

MARC

LEADER 00000cas a2200000 c 4500
001 130456071
003 DE-627
005 20260207115622.0
007 tu
008 931116c19829999gw b| p| 0 |0ger c
015 |a 96,A04,0457  |2 dnb 
016 7 |a 013899384  |2 DE-101 
016 7 |a 720785-2  |2 DE-600 
022 |a 0723-5984 
024 7 |a 00375713  |2 swets 
035 |a (DE-627)130456071 
035 |a (DE-603)047993448 
035 |a (DE-576)016019938 
035 |a (DE-599)ZDB720785-2 
035 |a (OCoLC)643861784 
035 |a (DE-615)00247432 
040 |a DE-627  |b ger  |c DE-627  |e rakwb 
041 |a ger 
044 |c XA-DE 
082 0 4 |a 340  |q DE-600 
084 |a 18  |a 300  |a 330  |2 sdnb 
084 |a 3,4  |a 3,61  |2 ssgn 
084 |a QA 10000  |2 rvk  |0 (DE-625)rvk/141204: 
084 |a PF 100  |2 rvk  |0 (DE-625)rvk/135563: 
084 |a 83.00  |2 bkl 
245 0 0 |a Mitbestimmung  |b das Magazin der Hans-Böckler-Stiftung  |c Hrsg.: Hans-Böckler-Stiftung, Mitbestimmungs- Forschungs- und Studienförderungswerk des DGB 
247 1 0 |a Die Mitbestimmung  |f Haupsacht. bis 47.2001,5 u. 47.2001,8 
264 3 1 |a Frankfurt, M.  |b Bund-Verl.  |c 1982- 
264 2 1 |a Düsseldorf  |b Stiftung  |c 1982-1991 
264 2 1 |a Bochum  |b Berg-Verl.  |c 1982-1991 
264 2 1 |a Baden-Baden  |b Nomos Verl.-Ges.  |c 1992-1999 
336 |a Text  |b txt  |2 rdacontent 
337 |a ohne Hilfsmittel zu benutzen  |b n  |2 rdamedia 
338 |a Band  |b nc  |2 rdacarrier 
362 0 |a 28.1982 - 
363 0 1 |a 28  |i 1982 
365 |b (für Mitglieder kostenfrei) 
500 |a Erscheint alle zwei Monate, bis 2015 monatlich 
500 |a Ungezählte Beilage 32. Jahrgang (1986): Sonderheft 
500 |a Ungezählte Beilage 1997: Hans-Böckler-Preis 1997 
500 |a Urh. anfangs: Hans-Böckler-Stiftung, Studien- und Mitbestimmungsförderungswerk des DGB 
546 |a Ab 1993 1x jährl. in engl. 
583 1 |3 1982-1991  |a Archivierung/Langzeitarchivierung gewährleistet  |c 2020  |f PENW  |2 pdager  |5 DE-5 
650 7 |8 1.1\x  |a Mitbestimmung  |0 (DE-627)091378281  |0 (DE-2867)11310-2  |2 stw 
650 7 |8 1.2\x  |a Partizipation  |0 (DE-627)091382475  |0 (DE-2867)16226-1  |2 stw 
650 7 |8 1.3\x  |a Gewerkschaftspolitik  |0 (DE-627)091363756  |0 (DE-2867)18123-1  |2 stw 
650 7 |8 1.4\x  |a Deutschland  |0 (DE-627)091354749  |0 (DE-2867)18012-3  |2 stw 
655 7 |a Zeitschrift  |0 (DE-588)4067488-5  |0 (DE-627)10454466X  |0 (DE-576)20917000X  |2 gnd-content 
689 0 0 |d s  |0 (DE-588)4126014-4  |0 (DE-627)105735604  |0 (DE-576)209581506  |a Mitbestimmung  |2 gnd 
689 0 |5 DE-101 
710 2 |a Hans-Böckler-Stiftung  |e Herausgebendes Organ  |0 (DE-588)2049987-5  |0 (DE-627)103030654  |0 (DE-576)191982245  |4 isb 
776 1 |x 0723-5984 
935 |a SAXB  |a BWLB 
936 r v |a QA 10000  |b Zeitschriften  |k Wirtschaftswissenschaften  |k Zeitschriften  |0 (DE-627)1275349315  |0 (DE-625)rvk/141204:  |0 (DE-576)205349315 
936 r v |a PF 100  |b Entscheidungssammlungen, Zeitschriften, Periodika  |k Rechtswissenschaft  |k Arbeitsrecht  |k Allgemeines  |k Entscheidungssammlungen, Zeitschriften, Periodika  |0 (DE-627)127529474X  |0 (DE-625)rvk/135563:  |0 (DE-576)20529474X 
936 b k |a 83.00  |j Volkswirtschaft: Allgemeines  |0 (DE-627)106416332 
936 s n |a p100  |2 mzub 
936 s n |a q100  |2 mzub 
938 1 0 |0 (DE-627)1756139660  |0 (DE-615)6604288  |a Mitwirkung/Mitbestimmung im Betrieb  |2 fivt 
951 |a JT 
ELC |b 1 
LOK |0 000 xxxxxcy a22 3n 4500 
LOK |0 001 2119577145 
LOK |0 003 DE-627 
LOK |0 004 130456071 
LOK |0 005 20161028084310 
LOK |0 008 880929||||||||||||||||ger||||||| 
LOK |0 035   |a (DE-600)035391316 
LOK |0 040   |a DE-21  |c DE-627  |d DE-21 
LOK |0 092   |o l 
LOK |0 852   |8 1 
LOK |0 852   |a DE-21 
LOK |0 852 1  |c ZB 2622  |9 00 
LOK |0 85900  |8 1.1  |a 31  |i 1985 
LOK |0 85910  |8 1.2  |a 61  |i 2015 
LOK |0 86630  |a 31.1985 - 61.2015 
LOK |0 866 0  |z Sonderausg. u. Sonderh. jeweils angeb. an den Bd. d. Hauptzeitschr. mit demselben Ersch.-Jahr. - ZLS-WZ 
LOK |0 939   |a 17-12-99  |b z01 
LOK |0 000 xxxxxcx a22 zn 4500 
LOK |0 001 2119577153 
LOK |0 003 DE-627 
LOK |0 004 130456071 
LOK |0 005 20100508082950 
LOK |0 008 980211||||||||||||||||ger||||||| 
LOK |0 040   |a DE-21-24  |c DE-627  |d DE-21-24 
LOK |0 852   |a DE-21-24 
LOK |0 852 1  |c I,A,20  |m p  |9 00 
LOK |0 866   |a 28.1982 - 
LOK |0 866   |x 28.1982 - 2000 
LOK |0 935   |a ALAS 
LOK |0 936ln  |a I,A, 
LOK |0 938   |k p 
LOK |0 939   |a 11-02-98  |b l01 
LOK |0 000 xxxxxcy a22 3n 4500 
LOK |0 001 2119577161 
LOK |0 003 DE-627 
LOK |0 004 130456071 
LOK |0 005 20190404194351 
LOK |0 008 980305||||||||||||||||ger||||||| 
LOK |0 035   |a (DE-600)035391324 
LOK |0 040   |a DE-21-24  |c DE-627  |d DE-21-24 
LOK |0 092   |o n 
LOK |0 852   |8 1 
LOK |0 852   |a DE-21-24 
LOK |0 852 1  |c I,A,20  |9 00 
LOK |0 85901  |8 1.1  |a 28  |i 1982 
LOK |0 86630  |a 28.1982 - 
LOK |0 866 0  |z Heftauslage Alte Physik 49 
LOK |0 939   |a 17-12-99  |b z01 
ORI |a SA-MARC-krimdokb001.raw 
SPR |a 1  |t KRI